000 00632nam a2200193 i 4500
001 70535
003 ES-MaACL
005 20230906170839.0
007 t|
008 040727s1961 sp ||||1| spa d
100 1 _aGarcía Venero, Maximiano.
_955393
245 1 0 _aTorcuato Luca de Tena y Álvarez-Ossorio
_b: una vida al servicio de España /
_cMaximiano García Venero.
250 _a1ª ed.
260 _aMadrid :
_bPrensa Española,
_c1961.
300 _a393 p., 14 lám. ;
_c22 cm.
600 1 4 _aLuca de Tena y Álvarez-Osorio, Torcuato,
_d1861-1929
_9171802
852 _aES-MaACL
_jC-19581
999 _c70535
_d70535